Plant Design and Economics for Chemical Engineers /

Saved in:
Bibliographic Details
Main Author: Peters, Max Stone (autor)
Other Authors: Timmerhaus, Klaus D. (autor) (autor), West, Ronald E. (autor) (autor)
Format: Book
Language:English
Published: Nueva York, EUA : McGraw-Hill, 2003, c2003
Edition:5a edición
Series:(McGraw-Hill Chemical Engineering Series)
Subjects:
Tags: Add Tag
No Tags, Be the first to tag this record!

MARC

LEADER 00000nam^a2200000^a^4500
001 000165266
005 20250521000000.0
009 20260310101011.552
020 |a 0-07-239266-5 
020 |a 0-07-119872-5 
037 |a Acervo ITESO - Biblioteca 
041 |a ING 
082 |a 660. 28  |b PET 
100 |a Peters, Max Stone  |e (autor) 
245 1 0 |a Plant Design and Economics for Chemical Engineers /  |c M.S. Peters, K.D. Timmerhaus, R.E. West. 
250 |a 5a edición 
264 4 |a Nueva York, EUA :  |b McGraw-Hill,  |c 2003, c2003 
300 |a XVII, 988 p. 
336 |a texto  |b txt  |2 rdacontenido 
337 |a sin mediación  |b n  |2 rdamedio 
338 |a volumen  |b nc  |2 rdasoporte 
440 1 |a (McGraw-Hill Chemical Engineering Series) 
521 |a 2014 BO Licenciatura en Ingeniería Química 
649 |a XX 
650 |a Industria Química 
650 |a Distribución en Planta (Ingeniería Industrial) 
650 |a Planeación de una Industria 
650 |a Ingeniería Económica 
650 |a Diseño Industrial 
650 |a Ingeniería Industrial 
650 |a Ingeniería Química 
700 |a Timmerhaus, Klaus D.  |e (autor) 
700 |a West, Ronald E.  |e (autor) 
910 |a Fondo General 
920 |a Impresos - Libros 
930 |a Colección General 
905 |a 101 
901 |a 0500099679  |b IT1  |c ACC  |u 20250521 
901 |a 0500099676  |b IT1  |c ACC  |u 20250521 
901 |a 0500234106  |b IT1  |c ACC  |i C141481  |u 20250521 
901 |a 0500234109  |b IT1  |c ACC  |i C141480  |u 20250521 
902 |a https://opac.biblio.iteso.mx/vufind/Record/000165266